000 00375 a2200169 4500
001 74694
020 _a978852601647
040 _cAnchieta - Colégio São Paulo
100 _aLima, Edir
240 1 0 _aA vaca invisível
_lpor
245 1 0 _aA vaca invisível
300 _a108
362 0 _a2012
440 1 _aGlobal
650 4 _aLiteratura infanto-juvenil
942 _cBK
999 _c74694
_d74694